00274nam a2200121Ia 4500003000400000005001700004008004100021020001900062040000900081100002100090245002000111260002100131OSt20240306152657.0170524s9999 xx 000 0 und d a978-0262029483 cIIMT aFabozzi- Frank J 0aCapital Markets bP H I- NEW DELHI